ARTICLE RETIRÉ : ARTICLE RETIRÉ : « La seule chose qui dure» : quelques fonctions de l'écriture (notice n° 1595235)

détails MARC
000 -LEADER
fixed length control field 01396cam a2200277 4500500
005 - DATE AND TIME OF LATEST TRANSACTION
control field 20251228073440.0
041 ## - LANGUAGE CODE
Language code of text/sound track or separate title fre
042 ## - AUTHENTICATION CODE
Authentication code dc
100 10 - MAIN ENTRY--PERSONAL NAME
Personal name Leader, Darian
Relator term author
245 00 - TITLE STATEMENT
Title ARTICLE RETIRÉ : ARTICLE RETIRÉ : « La seule chose qui dure» : quelques fonctions de l'écriture
260 ## - PUBLICATION, DISTRIBUTION, ETC.
Date of publication, distribution, etc. 2007.<br/>
500 ## - GENERAL NOTE
General note 21
520 ## - SUMMARY, ETC.
Summary, etc. RésuméLes cas cliniques proposés montrent que la pratique de l’écriture peut donner accès à une forme d’extase liée à des moments où le sujet retrouve quelque chose de son identité qui se situe au niveau du langage. La recherche de cette identité pourrait être une des fonctions de l’écriture.
520 ## - SUMMARY, ETC.
Summary, etc. The different clinical cases under study here show that writing can give access to a particular form of ecstasy linked to moments where the subject rediscovers something of his identity which is situated in language. The search for this identity could be one function of writing.
690 ## - LOCAL SUBJECT ADDED ENTRY--TOPICAL TERM (OCLC, RLIN)
Topical term or geographic name as entry element Écriture
690 ## - LOCAL SUBJECT ADDED ENTRY--TOPICAL TERM (OCLC, RLIN)
Topical term or geographic name as entry element extase
690 ## - LOCAL SUBJECT ADDED ENTRY--TOPICAL TERM (OCLC, RLIN)
Topical term or geographic name as entry element langage
690 ## - LOCAL SUBJECT ADDED ENTRY--TOPICAL TERM (OCLC, RLIN)
Topical term or geographic name as entry element retrouvaille
690 ## - LOCAL SUBJECT ADDED ENTRY--TOPICAL TERM (OCLC, RLIN)
Topical term or geographic name as entry element ecstasy
690 ## - LOCAL SUBJECT ADDED ENTRY--TOPICAL TERM (OCLC, RLIN)
Topical term or geographic name as entry element language
690 ## - LOCAL SUBJECT ADDED ENTRY--TOPICAL TERM (OCLC, RLIN)
Topical term or geographic name as entry element rediscovery
690 ## - LOCAL SUBJECT ADDED ENTRY--TOPICAL TERM (OCLC, RLIN)
Topical term or geographic name as entry element writing
700 10 - ADDED ENTRY--PERSONAL NAME
Personal name Baldet, Isabelle
Relator term author
786 0# - DATA SOURCE ENTRY
Note Savoirs et clinique | 8 | 1 | 2007-10-18 | p. 217-220 | 1634-3298
856 41 - ELECTRONIC LOCATION AND ACCESS
Uniform Resource Identifier <a href="https://shs.cairn.info/revue-savoirs-et-cliniques-2007-1-page-217?lang=fr&redirect-ssocas=7080">https://shs.cairn.info/revue-savoirs-et-cliniques-2007-1-page-217?lang=fr&redirect-ssocas=7080</a>

Pas d'exemplaire disponible.

PLUDOC

PLUDOC est la plateforme unique et centralisée de gestion des bibliothèques physiques et numériques de Guinée administré par le CEDUST. Elle est la plus grande base de données de ressources documentaires pour les Étudiants, Enseignants chercheurs et Chercheurs de Guinée.

Adresse

627 919 101/664 919 101

25 boulevard du commerce
Kaloum, Conakry, Guinée

Réseaux sociaux

Powered by Netsen Group @ 2025